000 00451nam a2200181 4500
003 SEACOMEC
005 20251008131742.0
008 251008b |||||||| |||| 00| 0 eng d
020 _a81-7409-016-9
_c280
040 _aSEACOMEC
082 _a621.31042
_bB611
100 _aBimbhra, P. S
245 1 _aElectrical machinery
_cP. S. Bimbhra
250 _a7th ed.
260 _aNew Delhi
_bKhanna
_cr2010
650 _aElectric machinery
942 _cBBK
999 _c2564
_d2564